000 00748cam a2200241 a 4500
001 000005535
005 20200929151714.0
008 910105s1984 sp 000 0 spa
020 _a8437604737
040 _aDO-SdBNP
_cDLC
082 _a861.6
_bG463f
100 1 _aGil-Albert, Juan,
_d1904-1994
_915646
245 1 0 _aFuentes de la constancia /
_cJuan Gil-Albert ; edición de José Carlos Rovira.
260 _aMadrid :
_bCátedra,
_c1984.
300 _a226 p. ;
_c18 cm.
490 1 _aLetras hispánicas
_v205
650 4 _aPoesía española
_9631
650 4 _aLiteratura española
_9632
700 1 _aRovira, José Carlos,
_eed.
_97439
830 0 _aLetras hispánica ;
_v205
_915647
910 _aCatalogación por copia / LC
910 _aWM
999 _c5334
_d5334